Guia del mundo 2009 : (Record no. 111804)
[ view plain ]
| 000 -LEADER | |
|---|---|
| campo de control de longitud fija | 00970nam a2200289Mi 4500 |
| 001 - NÚMERO DE CONTROL | |
| campo de control | 89963 |
| 005 - FECHA Y HORA DE LA ÚLTIMA TRANSACCIÓN | |
| campo de control | 20230411090048.0 |
| 008 - DATOS DE LONGITUD FIJA--INFORMACIÓN GENERAL | |
| campo de control de longitud fija | 090617s2008 sp a 000 0 spa d |
| 035 ## - NÚMERO DE CONTROL DEL SISTEMA | |
| Número de control de sistema | (OCoLC)ocn421016695 |
| 040 ## - FUENTE DE CATALOGACIÓN | |
| Centro catalogador/agencia de origen | PL# |
| Lengua de catalogación | spa |
| Centro/agencia transcriptor | PL# |
| 020 ## - NÚMERO INTERNACIONAL ESTÁNDAR DEL LIBRO | |
| Número Internacional Estándar del Libro | 8467532254 |
| 020 ## - NÚMERO INTERNACIONAL ESTÁNDAR DEL LIBRO | |
| Número Internacional Estándar del Libro | 9788467532258 |
| 029 0# - OTRO NÚMERO DE CONTROL DE SISTEMA (OCLC) | |
| Identificador de la biblioteca OCLC | PL# |
| Número de control de sistema | 090005397 |
| 035 ## - NÚMERO DE CONTROL DEL SISTEMA | |
| Número de control de sistema | (OCoLC)421016695 |
| 049 ## - FONDOS LOCALES (OCLC) | |
| Biblioteca depositaria | GRAL |
| 245 00 - MENCIÓN DEL TÍTULO | |
| Título | Guia del mundo 2009 : |
| Resto del título | perspectiva y proyeccion. |
| 260 ## - PUBLICACIÓN, DISTRIBUCIÓN, ETC. | |
| Lugar de publicación, distribución, etc. | Montevideo, Uruguay : |
| Nombre del editor, distribuidor, etc. | Instituto del Tercer Mundo ; |
| Lugar de publicación, distribución, etc. | Madrid, España : |
| Nombre del editor, distribuidor, etc. | Ediciones SM, |
| Fecha de publicación, distribución, etc. | 2009. |
| 300 ## - DESCRIPCIÓN FÍSICA | |
| Extensión | 623 p. : |
| Otras características físicas | il., map. ; |
| Dimensiones | 28 cm. + |
| Material acompañante/anejo | 1 disco optico (CD-ROM). |
| 500 ## - NOTA GENERAL | |
| Nota general | Indice . -- ISBN (Inst. Tercer Mundo): 978-9974-574-52-6. |
| 504 ## - NOTA DE BIBLIOGRAFÍA, ETC. | |
| Nota de bibliografía, etc. | Bibliografia: p. 585-586. |
| 653 ## - TÉRMINO DE INDIZACIÓN--NO CONTROLADO | |
| Término no controlado | Geografia humana |
| -- | Anuarios. |
| 653 ## - TÉRMINO DE INDIZACIÓN--NO CONTROLADO | |
| Término no controlado | Geopolitica |
| -- | Anuarios. |
| 700 0# - ENTRADA AGREGADA--NOMBRE PERSONAL | |
| Nombre de persona | Instituto del Tercer Mundo, |
| Término indicativo de función/relación | ed. |
| 938 ## - | |
| -- | Puvill Libros |
| -- | PUVL |
| -- | 9788467532258 |
| -- | $80.12 |
| 942 ## - ELEMENTOS DE ENTRADA SECUNDARIOS (KOHA) | |
| Fuente del sistema de clasificación o colocación | Clasificación de Library of Congress |
| Tipo de ítem Koha | |
| 994 ## - | |
| -- | C0 |
| -- | DRFGD |
| Estatus retirado | Estado de pérdida | Fuente del sistema de clasificación o colocación | Estado de daño | No para préstamo | Colección | Biblioteca de origen | Biblioteca actual | Ubicación en estantería | Fecha de adquisición | Código de barras | Visto por última vez | Copia número | Tipo de ítem Koha |
|---|---|---|---|---|---|---|---|---|---|---|---|---|---|
| Clasificación de Library of Congress | Automatización y Procesos Técnicos | Biblioteca Juan Bosch | Biblioteca Juan Bosch | Automatización y Procesos Técnicos (1er. Piso) | 11/04/2023 | 00000079552 | 17/02/2019 | 1 |
